UNAM MEXICO : (Registro nro. 56882)
[ vista simple ]
| 000 -LEADER | |
|---|---|
| fixed length control field | 01290nam a2200205 a 4500 |
| 001 - CONTROL NUMBER | |
| control field | 56882 |
| 005 - DATE AND TIME OF LATEST TRANSACTION | |
| control field | 20180714052841.0 |
| 008 - FIXED-LENGTH DATA ELEMENTS--GENERAL INFORMATION | |
| fixed length control field | 140415s2009 mx 000 0 spa d |
| 020 ## - INTERNATIONAL STANDARD BOOK NUMBER | |
| International Standard Book Number | 9786072002661 |
| 041 ## - LANGUAGE CODE | |
| Language code of text/sound track or separate title | spa |
| 082 ## - DEWEY DECIMAL CLASSIFICATION NUMBER | |
| Classification number | 972.5215 |
| Item number | ART |
| 100 1# - MAIN ENTRY--PERSONAL NAME | |
| Personal name | ARTIGAS, JUAN B. |
| 245 10 - TITLE STATEMENT | |
| Title | UNAM MEXICO : |
| Remainder of title | GUIA DE SITIOS Y ESPACIOS: EDIFICIOS ANTIGUOS CIUDAD UNIVERSITARIA, CENTRO CULTURAL UNIVERSITARIO E INVESTIGACION Y DESARROLLO. CU EN LA LISTA DE PATRIMONIO MUNDIAL DE LA UNESCO |
| 250 ## - EDITION STATEMENT | |
| Edition statement | 2a ed. |
| 260 ## - PUBLICATION, DISTRIBUTION, ETC. | |
| Place of publication, distribution, etc. | MEXICO : |
| Name of publisher, distributor, etc. | UNIVERSIDAD NACIONAL AUTONOMA DE MEXICO, |
| Date of publication, distribution, etc. | 2009 |
| 300 ## - PHYSICAL DESCRIPTION | |
| Extent | 405 |
| Dimensions | 20.5 x 1.7 x 27.2 |
| 490 ## - SERIES STATEMENT | |
| Series statement | COL. PUEBLA |
| 520 ## - SUMMARY, ETC. | |
| Summary, etc. | EL SIGLO PASADO, A MEDIADOS DE LA DECADA DE LOS AÑOS CUARENTA, SE COMENZO A GESTAR LA IDEA DE CONSTRUIR CIUDAD UNIVEITARIA . PARA ALGUNOS, ESO ERA POCO SENSATO Y NADA ACONSEJABLE.LAS EDIFICACIONNES A LAS QUE SE HACE REFERENCIA EN ESTE LIBRO, SE HAN AGREGADO ESPACIOS ADICIONALES A LO LARGO DE MAS DE CINCO DECADAS. ESTEAS PAGINAS TAMBIEN VERSAN SOBRE EL CENTRO CULTURAL UNIVERSITARIO, EL PASEO Y EL ESPACIO ESCULTORICO, ASI COMO CINCO INSTALACIONES UBICADAS FUERA DE CIUDAD UNIVERSITARIA. M |
| 650 14 - SUBJECT ADDED ENTRY--TOPICAL TERM | |
| Topical term or geographic name entry element | UNIVERSIDAD NACIONAL AUTONAMA DE MEXICO |
| General subdivision | EDIFICIOS, ESTRUCT |
| -- | MEXICO (D.F.) |
| -- | EDIFICIOS, ESTRUCTURAS, ETC. |
| Withdrawn status | Lost status | Source of classification or shelving scheme | Damaged status | Not for loan | Collection code | Home library | Current library | Shelving location | Date acquired | Source of acquisition | Inventory number | Total Checkouts | Full call number | Barcode | Date last seen | Price effective from | Koha item type |
|---|---|---|---|---|---|---|---|---|---|---|---|---|---|---|---|---|---|
| Dewey Decimal Classification | General | Biblioteca Karol Wojtyla | Biblioteca Karol Wojtyla | Sala general | 03/12/2013 | Compra | 151000000000000000018944 | 972.5215 ART | 85976 | 05/01/2026 | 03/12/2013 | Libro |